Capitals of the Provinces of North Korea - Statistics

General Stats
  • This quiz has been taken 20 times
  • The average score is 8 of 9
Answer Stats
Hint Answer % Correct
North Hamgyong Chongjin
100%
North Hwanghae Sariwon
100%
North Pyongan Sinuiju
100%
Kangwon Wonsan
100%
South Hwanghae Haeju
83%
South Hamgyong Hamhung
83%
Chagang Kanggye
83%
South Pyongan Pyongsong
83%
Ryanggang Hyesan
67%
No matching quizzes found
Score Distribution
Percent of People with Each Score
Percentile by Number Answered
Your Score History
You have not taken this quiz